Justin Bieber - Chansons de l'album Believe - Statistiques

Statistiques générales
  • Ce quiz a été pris 26 fois
  • Le résultat moyen est 13 sur 19
Statistiques - réponses
Hint Réponse % Correct
Believe 3 As Long as You Love Me (featuring Big Sean)
100%
Believe 2 Boyfriend
100%
Believe2 13 Believe
94%
Believe 1 All around the world (featuring Ludacris)
88%
Believe 10 Beauty and a Beat (featuring Nicki Minaj)
82%
Believe 7 Fall
82%
Believe2 18 Maria
82%
Believe 5 Take You
82%
Believe 8 Die in Your Arms
76%
Believe 6 Right Here (featuring Drake)
76%
Believe 4 Catching Feelings
71%
Believe2 11 One Love
59%
Believe2 17 She Don't Like the Lights
59%
Believe 9 Thought of You
59%
Believe2 12 Be Alright
53%
Believe2 16 Out Of Town Girl
53%
Believe2 14 Love Me Like You Do
41%
Believe2 15 Fairytale
24%
Believe2 19 Just Like Them
6%
Aucun quiz correspondant
Distribution des résultats
% des personnes avec chaque résultat
Percentile par nombre de réponses
Votre historique - résultats
Vous n’avez pas pris ce quiz